Sight and sound : (Record no. 45371)
[ view plain ]
| 000 -LEADER | |
|---|---|
| fixed length control field | 00614nam a2200205 a 4500 |
| 001 - CONTROL NUMBER | |
| control field | 45371 |
| 003 - CONTROL NUMBER IDENTIFIER | |
| rucl marc code | BD-RjUL |
| 005 - DATE AND TIME OF LATEST TRANSACTION | |
| control field | 20211209054013.0 |
| 008 - FIXED-LENGTH DATA ELEMENTS--GENERAL INFORMATION | |
| fixed length control field | 160725b cau |||| ||| 001 0 eng d |
| 035 ## - SYSTEM CONTROL NUMBER | |
| System control number | (BD-RjUL)45489 |
| 040 ## - CATALOGING SOURCE | |
| Original cataloging agency | BD-RjUL |
| Language of cataloging | eng |
| Transcribing agency | BD-RjUL |
| 041 ## - LANGUAGE CODE | |
| Language code of text/sound track or separate title | eng |
| 082 ## - DEWEY DECIMAL CLASSIFICATION NUMBER | |
| Edition number | 23 |
| Classification number | 421.52 |
| Author mark and year | CRS 1969 |
| 100 10 - MAIN ENTRY--PERSONAL NAME | |
| Personal name | Craven, Paul Richard |
| 9 (RLIN) | 138919 |
| 245 10 - TITLE STATEMENT | |
| Title | Sight and sound : |
| Remainder of title | a handbook of spelling / |
| Statement of responsibility, etc. | Paul Richard Craven |
| 260 ## - PUBLICATION, DISTRIBUTION, ETC. (IMPRINT) | |
| Place of publication, distribution, etc. | California : |
| Name of publisher, distributor, etc. | Dickenson Publishing Company, |
| Date of publication, distribution, etc. | 1967 [ third printig 1969] |
| 300 ## - PHYSICAL DESCRIPTION | |
| Pagination | x, 117 p. ; |
| Size | 23 cm. |
| 650 ## - SUBJECT ADDED ENTRY--TOPICAL TERM | |
| Topical term or geographic name as entry element | Writing System |
| 9 (RLIN) | 138920 |
| 942 ## - ADDED ENTRY ELEMENTS (KOHA) | |
| Source of classification or shelving scheme | Dewey Decimal Classification |
| Koha item type | Books |
| Lost status | Source of classification or shelving scheme | Damaged status | Not for loan | Collection code | Permanent Location | Current Location | Shelving location | Date acquired | Source of acquisition | Total Checkouts | Full call number | Date last seen | Copy number | Koha item type |
|---|---|---|---|---|---|---|---|---|---|---|---|---|---|---|
| Dewey Decimal Classification | Non-fiction | Central Library, University of Rajshahi | Central Library, University of Rajshahi | 25/07/1977 | Dhaka Ahosanik Book | 421.52 CRS 1969 | 25/07/2016 | C-2 | Books |